Jednostranné skončenie pracovného pomeru zo strany zamestnanca

Skončenie pracovného pomeru zamestnanca. Skončenie pracovného pomeru v skúsobnej dobe zo strany zamestnanca, výpoveď zo strany zamestnanca a okamžité skončenie pracovného pomeru zo strany zamestnanca. Nároky z neplatného skončenia pracovného pomeru zo strany zamestnanca.

Saved in:
Bibliographic Details
Main Author: Čurila, Dušan
Format: Book Chapter
Language:Slovak
Subjects:
Tags: Add Tag
No Tags, Be the first to tag this record!

MARC

LEADER 00000naa a2200000 4500
001 0280482
005 20240417075149.3
041 0 |a slo 
044 |a SK 
245 1 0 |a Jednostranné skončenie pracovného pomeru zo strany zamestnanca  |c Dušan Čurila 
520 |a Skončenie pracovného pomeru zamestnanca. Skončenie pracovného pomeru v skúsobnej dobe zo strany zamestnanca, výpoveď zo strany zamestnanca a okamžité skončenie pracovného pomeru zo strany zamestnanca. Nároky z neplatného skončenia pracovného pomeru zo strany zamestnanca. 
610 2 0 |a zamestnanci 
610 2 0 |a pomer pracovný 
610 2 0 |a výpoveď 
610 2 0 |a legislatíva 
100 1 |a Čurila, Dušan